000 00524nam a2200193Ia 4500
005 20250923144647.0
008 008 250917s9999 xx 000 0 eng d
037 _aTextual
040 _aDSWL
_beng
_cDSWL
041 _aeng
_2eng
084 _aL:87:424:3:6, N54
_qDSWL
245 0 _aLeprosy, A survey of recent legislation
_cby I.L.O.
260 _aGeneva
_bI.L.O.
_c1954
300 _a35p.
365 _aINR
_b6.6
925 _g6.6
942 _cTEXL
_hL:87:424:3:6, N54
999 _c1441731
_d1441731